Repo trh – najdôležitejší segment peňažného trhu eurozóny diplomová práca

Enregistré dans:
Détails bibliographiques
Auteur principal: Hatalová, Lucia
Collectivité auteur: Národohospodárska fakulta EU. Katedra bankovníctva a medzinárodných financií
Autres auteurs: Malacká, Viera
Format: Livre
Langue:slovaque
Publié: Bratislava 2013
Tags: Ajouter un tag
Pas de tags, Soyez le premier à ajouter un tag!

MARC

LEADER 00000nbm a2200000 4500
001 0169293
005 20161109102254.2
041 0 |a slo 
044 |a SK 
245 1 0 |a Repo trh – najdôležitejší segment peňažného trhu eurozóny  |b diplomová práca  |c Lucia Hatalová ; školiteľ: Viera Malacká 
264 1 |a Bratislava  |c 2013 
300 |a 64 s. 
100 1 |a Hatalová, Lucia 
700 1 |a Malacká, Viera 
710 2 |a Národohospodárska fakulta EU. Katedra bankovníctva a medzinárodných financií